000
00299nam a2200121Ia 4500
005
20251222155155.0
008
251222s9999||||xx |||||||||||||| ||spa||
082
_a
MEQ.220
100
_a
ARRIETA ALGUERA.IPSS.
245
0
_a
Protocolos de cirugía video endoscópica
264
_b
IPSS
942
_c
LIB
999
_c
39729
_d
39729